International routes from Istanbul International Airport (IST) - Statistics

General Stats
  • This quiz has been taken 51 times
    21 since last reset
  • The average score is 289 of 406
Answer Stats
Airline International Route Country % Correct
Aegean Airlines Athens Greece
100%
Sichuan Airlines Athens Greece
100%
Sky Express Athens Greece
100%
Turkish Airlines Athens Greece
100%
Turkish Airlines Johannesburg-O.R Tambo South Africa
100%
Turkish Airlines Barcelona Spain
91%
Vueling Barcelona Spain
91%
Turkish Airlines Bilbao Spain
91%
Turkish Airlines Cape Town South Africa
91%
Royal Air Maroc Casablanca Morocco
91%
Turkish Airlines Casablanca Morocco
91%
Turkish Airlines Dar es Salaam Tanzania
91%
Turkish Airlines Ho Chi Minh City Vietnam
91%
Jazeera Airways Kuwait City Kuwait
91%
Kuwait Airways Kuwait City Kuwait
91%
Turkish Airlines Kuwait City Kuwait
91%
Air Europa Madrid Spain
91%
Turkish Airlines Madrid Spain
91%
Turkish Airlines Marrakesh Morocco
91%
Turkish Airlines Mexico City Mexico
91%
Ural Airlines Moscow-Domodedevo Russia
91%
S7 Airlines Moscow-Domodedovo Russia
91%
Rossiya Airlines Moscow-Sheremetyevo Russia
91%
Southwind Airlines Moscow-Sheremetyevo Russia
91%
Pobeda Moscow-Vnukovo Russia
91%
Turkish Airlines Moscow-Vnukovo Russia
91%
Red Wings Airlines Moscow-Zhukovsky Russia
91%
Southwind Airlines Moscow-Zhukovsky Russia
91%
Aegean Airlines Mykonos Greece
91%
Air Arabia Rabat Morocco
91%
Aeroflot Saint Petersburg Russia
91%
Rossiya Airlines Saint Petersburg Russia
91%
Turkish Airlines Saint Petersburg Russia
91%
Turkish Airlines San Francisco United States of America
91%
Turkish Airlines Seville Spain
91%
Air Cairo Sharm El Sheikh Egypt
91%
Turkish Airlines Sharm El Sheikh Egypt
91%
Royal Air Maroc Tangier Morocco
91%
Ghadames Air Transport Tripoli Libya
91%
Crown Airlines Tripoli-Mitiga Libya
91%
Fly Oya Tripoli-Mitiga Libya
91%
Libyan Airlines Tripoli-Mitiga Libya
91%
Libyan Wings Tripoli-Mitiga Libya
91%
Turkish Airlines Tripoli-Mitiga Libya
91%
Etihad Airways Abu Dhabi UAE
82%
Turkish Airlines Abu Dhabi UAE
82%
Turkish Airlines Abuja Nigeria
82%
Turkish Airlines Accra Ghana
82%
Ethiopian Airlines Addis Ababa Ethiopia
82%
Turkish Airlines Addis Ababa Ethiopia
82%
Turkish Airlines Alexandria Egypt
82%
Royal Jordanian Amman Jordan
82%
Turkish Airlines Amman Jordan
82%
KLM Amsterdam Netherlands
82%
Turkish Airlines Amsterdam Netherlands
82%
Air Astana Astana Kazakhstan
82%
Turkish Airlines Astana Kazakhstan
82%
Turkish Airlines Baghdad Iraq
82%
Gulf Air Bahrain Bahrain
82%
Turkish Airlines Bahrain Bahrain
82%
Azerbaijan Airlines Baku Azerbaijan
82%
Turkish Airlines Baku Azerbaijan
82%
Thai Airways International Bangkok-Suvarnabhumi Thailand
82%
Turkish Airlines Bangkok-Suvarnabhumi Thailand
82%
Turkish Airlines Bari Italy
82%
Turkish Airlines Basel France/Switzerland
82%
Air China Beijing-Capital China
82%
Turkish Airlines Beijing-Capital China
82%
China Southern Airlines Beijing-Daxing China
82%
MEA Beirut Lebanon
82%
Turkish Airlines Beirut Lebanon
82%
Air Serbia Belgrade Serbia
82%
Turkish Airlines Belgrade Serbia
82%
Turkish Airlines Berlin Germany
82%
Turkish Airlines Birmingham United Kingdom
82%
Transavia Bordeaux France
82%
Turkish Airlines Bordeaux France
82%
Animawings Bucharest-Otopeni Romania
82%
Tarom Bucharest-Otopeni Romania
82%
Turkish Airlines Bucharest-Otopeni Romania
82%
Turkish Airlines Budapest Hungary
82%
Wizz Air Budapest Hungary
82%
EgyptAir Cairo Egypt
82%
Turkish Airlines Cairo Egypt
82%
Turkish Airlines Cancun Mexico
82%
Turkish Airlines Caracas Venezuela
82%
Scandinavian Airlines Copenhagen Denmark
82%
Turkish Airlines Copenhagen Denmark
82%
Turkish Airlines Dakar Senegal
82%
Syrian Air Damascus Syria
82%
Turkish Airlines Damascus Syria
82%
Turkish Airlines Dammam/Damman Saudi Arabia
82%
IndiGo Delhi India
82%
Turkish Airlines Delhi India
82%
Turkish Airlines Dhaka Bangladesh
82%
Qatar Airways Doha Qatar
82%
Turkish Airlines Doha Qatar
82%
Emirates Dubai-International UAE
82%
Flydubai Dubai-International Dubai
82%
Turkish Airlines Dubai-International UAE
82%
Turkish Airlines Dublin Ireland
82%
Somon Air Dushanbe Tajikistan
82%
Turkish Airlines Dushanbe Tajikistan
82%
Fly Erbil Erbil Iraq
82%
Turkish Airlines Erbil Iraq
82%
Lufthansa Frankfurt Germany
82%
Turkish Airlines Frankfurt Germany
82%
Turkish Airlines Geneva Switzerland
82%
Turkish Airlines Gothenburg Sweden
82%
China Southern Airlines Guangzhou China
82%
Turkish Airlines Guangzhou China
82%
Turkish Airlines Hanoi Vietnam
82%
Turkish Airlines Helsinki Finland
82%
Aegean Airlines Heraklion Greece
82%
Flyadeal Jeddah Saudi Arabia
82%
Saudia Jeddah Saudi Arabia
82%
Turkish Airlines Jeddah Saudi Arabia
82%
Ariana Afghan Airlines Kabul Afghanistan
82%
Turkish Airlines Kabul Afghanistan
82%
Turkish Airlines Karachi Pakistan
82%
Turkish Airlines Kathmandu Nepal
82%
LOT Polish Airlines Krakow Poland
82%
Turkish Airlines Krakow Poland
82%
Turkish Airlines Kuala Lumpur-International Malaysia
82%
Turkish Airlines Lagos Nigeria
82%
Turkish Airlines Lahore Pakistan
82%
Turkish Airlines Lisbon Portugal
82%
Turkish Airlines London-Gatwick United Kingdom
82%
Wizz Air London-Gatwick United Kingdom
82%
British Airways London-Heathrow United Kingdom
82%
Turkish Airlines London-Heathrow United Kingdom
82%
Wizz Air London-Luton United Kingdom
82%
Turkish Airlines London-Stansted United Kingdom
82%
Turkish Airlines Los Angeles United States of America
82%
Turkish Airlines Luxembourg Luxembourg
82%
Transavia Lyon France
82%
Turkish Airlines Lyon France
82%
Turkish Airlines Malaga Spain
82%
Turkish Airlines Male Maldives
82%
KM Malta Airlines Malta Malta
82%
EasyJet Manchester United Kingdom
82%
Turkish Airlines Manchester United Kingdom
82%
Turkish Airlines Marseille France
82%
Saudia Medina Saudi Arabia
82%
Turkish Airlines Medina Saudi Arabia
82%
Turkish Airlines Melbourne Australia
82%
Turkish Airlines Milan-Malpensa Italy
82%
Turkish Airlines Montreal-Trudeau Canada
82%
IndiGo Mumbai-Shivaji India
82%
Turkish Airlines Mumbai-Shivaji India
82%
Lufthansa Munich Germany
82%
Turkish Airlines Munich Germany
82%
Oman Air Muscat Oman
82%
Salam Air Muscat Oman
82%
Turkish Airlines Muscat Oman
82%
Turkish Airlines Nairobi-Jomo Kenyatta Kenya
82%
Transavia Nantes France
82%
Turkish Airlines Naples Italy
82%
Turkish Airlines New York-JFK United States of America
82%
Turkish Airlines Nice France
82%
Turkish Airlines Osaka-Kansai Japan
82%
Norwegian Air Shuttle Oslo Norway
82%
Turkish Airlines Oslo Norway
82%
Transavia Paris-Orly France
82%
Turkish Airlines Phuket Thailand
82%
Turkish Airlines Port Louis Mauritius
82%
Badr Airlines Port Sudan Sudan
82%
Turkish Airlines Prague Czechia
82%
Aegean Airlines Rhodes Greece
82%
Air Baltic Riga Latvia
82%
Turkish Airlines Riga Latvia
82%
Flyadeal Riyadh Saudi Arabia
82%
Flynas Riyadh Saudi Arabia
82%
Saudia Riyadh Saudi Arabia
82%
Turkish Airlines Riyadh Saudi Arabia
82%
Turkish Airlines Rome-Fiumicino Italy
82%
Turkish Airlines Salzburg Austria
82%
Turkish Airlines Santiago Chile
82%
Turkish Airlines Sao Paulo-Guarulhos Brazil
82%
Turkish Airlines Sarajevo Bosnia and Herzegovina
82%
Asiana Airlines Seoul-Incheon South Korea
82%
Korean Air Seoul-Incheon South Korea
82%
Turkish Airlines Seoul-Incheon South Korea
82%
China Eastern Airlines Shanghai-Pudong China
82%
Turkish Airlines Shanghai-Pudong China
82%
Singapore Airlines Singapore Singapore
82%
Turkish Airlines Singapore Singapore
82%
Turkish Airlines Skopje North Macedonia
82%
Turkish Airlines Stockholm-Arlanda Sweden
82%
Turkish Airlines Stuttgart Germany
82%
Turkish Airlines Sydney Australia
82%
Turkish Airlines Taipei-Taoyuan Taiwan
82%
Turkish Airlines Tallinn Estonia
82%
Qanot Sharq Tashkent Uzbekistan
82%
Turkish Airlines Tashkent Uzbekistan
82%
Qeshm Air Tehran Iran
82%
ATA Airlines Tehran-Imam Khomeini Iran
82%
Caspian Airlines Tehran-Imam Khomeini Iran
82%
Iran Air Tehran-Imam Khomeini Iran
82%
Iran Aseman Airlines Tehran-Imam Khomeini Iran
82%
Mahan Air Tehran-Imam Khomeini Iran
82%
Taban Air Tehran-Imam Khomeini Iran
82%
Turkish Airlines Thessaloniki Greece
82%
ANA Tokyo-Haneda Japan
82%
Turkish Airlines Tokyo-Haneda Japan
82%
Turkish Airlines Tokyo-Narita Japan
82%
Turkish Airlines Toronto-Pearson Canada
82%
Turkish Airlines Toulouse France
82%
Turkish Airlines Tunis Tunisia
82%
Turkish Airlines Turin Italy
82%
MIAT Mongolian Airlines Ulaanbaatar Mongolia
82%
Turkish Airlines Ulaanbaatar Mongolia
82%
Turkish Airlines Valencia Spain
82%
Turkish Airlines Vancouver Canada
82%
Turkish Airlines Venice Italy
82%
Turkish Airlines Vienna Austria
82%
Turkish Airlines Vilnius Lithuania
82%
Turkish Airlines Warsaw-Chopin Poland
82%
Aeroflot Yekaterinburg Russia
82%
Ural Airlines Yekaterinburg Russia
82%
Turkish Airlines Zurich Switzerland
82%
Turkish Airlines Abidjan Ivory Coast
73%
Turkish Airlines Algiers Algeria
73%
Air Astana Almaty Kazakhstan
73%
SCAT Airlines Almaty Kazakhstan
73%
Turkish Airlines Almaty Kazakhstan
73%
Turkish Airlines Antananarivo Madagascar
73%
Turkish Airlines Ashgabat Turkmenistan
73%
Turkmenistan Airlines Ashgabat Turkmenistan
73%
Turkish Airlines Asmara Eritrea
73%
Turkish Airlines Banjul Gambia
73%
Turkish Airlines Billund Denmark
73%
Turkish Airlines Bishkek Kyrgyzstan
73%
Turkish Airlines Bogota Colombia
73%
Turkish Airlines Bologna Italy
73%
Turkish Airlines Boston United States of America
73%
EasyJet Bristol United Kingdom
73%
Turkish Airlines Brussels Belgium
73%
Turkish Airlines Buenos Aires-Ezieza Argentina
73%
Turkish Airlines Chicago-O'Hare United States of America
73%
FlyOne Chisinau Moldova
73%
HiSky Chisinau Moldova
73%
Turkish Airlines Chisinau Moldova
73%
Animawings Cluj Napoca Romania
73%
Turkish Airlines Cluj Napoca Romania
73%
Turkish Airlines Colombo Sri Lanka
73%
Turkish Airlines Conakry Guinea
73%
Turkish Airlines Dallas/Fort Worth United States of America
73%
Turkish Airlines Denver United States of America
73%
Turkish Airlines Douala Cameroon
73%
Turkish Airlines Dubrovnik Croatia
73%
Turkish Airlines Dusseldorf Germany
73%
Turkish Airlines Freetown Sierra Leone
73%
LOT Polish Airlines Gdansk Poland
73%
Turkish Airlines Hannover Germany
73%
Turkish Airlines Havana Cuba
73%
Turkish Airlines Hong Kong China
73%
Turkish Airlines Houston-Intercontinental United States of America
73%
Turkish Airlines Islamabad Pakistan
73%
Turkish Airlines Jakarta-Soekarno-Hatta Indonesia
73%
Nordwind Airlines Kazan Russia
73%
Turkish Airlines Kigali Rwanda
73%
Turkish Airlines Kinshasa Demotratic Republic of Congo
73%
Turkish Airlines Leipzig Germany
73%
Turkish Airlines Libreville Gabon
73%
Turkish Airlines Ljubljana Slovenia
73%
Turkish Airlines Luanda Angola
73%
Turkish Airlines Lusaka Zambia
73%
Turkish Airlines Manila Philippines
73%
Turkish Airlines Miami United States of America
73%
Turkish Airlines Mogadishu Somalia
73%
Turkish Airlines Mombasa Kenya
73%
Turkish Airlines N'Djamena Chad
73%
Turkish Airlines Newark United States of America
73%
Turkish Airlines Niamey Niger
73%
Pegasus Airlines Nicosia-Ercan Cyprus
73%
Turkish Airlines Nicosia-Ercan Cyprus
73%
Air Serbia Nis Serbia
73%
Turkish Airlines Nuremberg Germany
73%
Turkish Airlines Ouagadougou Burkina Faso
73%
Turkish Airlines Palermo Italy
73%
Turkish Airlines Panama City-Tocumen Panama
73%
Air Montenegro Podgorica Montenegro
73%
Turkish Airlines Podgorica Montenegro
73%
Turkish Airlines Porto Portugal
73%
Turkish Airlines Pristina Kosovo
73%
IcelandAir Reykjavik-Keflavik Iceland
73%
Air Samarkand Samarkand Uzbekistan
73%
Turkish Airlines Samarkand Uzbekistan
73%
Turkish Airlines Seattle/Tacoma United States of America
73%
Air Arabia Sharjah United Arab Emirates
73%
Turkish Airlines Sharjah UAE
73%
Turkish Airlines Sofia Bulgaria
73%
Croatia Airlines Split Croatia
73%
Turkish Airlines Tbilisi Georgia
73%
Animawings Timisoara Romania
73%
Turkish Airlines Timisoara Romania
73%
Air Montenegro Tivat Montenegro
73%
Turkish Airlines Tivat Montenegro
73%
Utair Ufa Russia
73%
Turkish Airlines Varna Bulgaria
73%
Turkish Airlines Washington-Dulles United States of America
73%
Turkish Airlines Yaounde Cameroon
73%
Turkish Airlines Zagreb Croatia
73%
Turkish Airlines Zanzibar Tazania
73%
Turkish Airlines Aleppo Syria
64%
Turkish Airlines Atlanta United States of America
64%
Turkish Airlines Batumi Georgia
64%
Berniq Airways Benghazi Libya
64%
Turkish Airlines Benghazi Libya
64%
Sichuan Airlines Chengdu-Tianfu China
64%
Turkish Airlines Cologne Germany
64%
Turkish Airlines Denpasar Indonesia
64%
Turkish Airlines Detroit United States of America
64%
Turkish Airlines Djibouti Djibouti
64%
Turkish Airlines Durban South Africa
64%
Turkish Airlines Edinburgh United Kingdom
64%
Turkish Airlines Hamburg Germany
64%
Turkish Airlines Hurghada Egypt
64%
Turkish Airlines Juba South Sudan
64%
Turkish Airlines Kilimanjaro Tanzania
64%
Turkish Airlines Mahe Seychelles
64%
Turkish Airlines Maputo Mozambique
64%
Belavia Minsk Belarus
64%
Transavia Montpellier France
64%
Turkish Airlines Rovaniemi Finland
64%
Aegean Airlines Santorini Greece
64%
Aeroflot Sochi Russia
64%
Azimuth Sochi Russia
64%
Red Wings Airlines Sochi Russia
64%
Ural Airlines Sochi Russia
64%
ATA Airlines Tabriz Iran
64%
Caspain Airlines Tabriz Iran
64%
Iran Airtour Tabriz Iran
64%
Meraj Airlines Tabriz Iran
64%
China Eastern Airlines Xi'an China
64%
FlyOne Yerevan Armenia
64%
Turkish Airlines Bremen Germany
55%
Turkish Airlines Bukhara Uzbekistan
55%
Turkish Airlines Catania Spain
55%
Turkish Airlines Cotonou Benin
55%
Animawings Craiova Romania
55%
Fly Kiribis Airlines Ercan Cyprus
55%
Turkish Airlines Ercan Cyprus
55%
Utair Grozny Russia
55%
Turkish Airlines Malabo Equatorial Guinea
55%
S7 Airlines Novosibirsk Russia
55%
Turkish Airlines Ohrid North Macedonia
55%
Nouvelair Sfax Tunisia
55%
Turkish Airlines Shiraz Iran
55%
SCAT Airlines Shymkent Kazakhstan
55%
Turkish Airlines Aqaba Jordan
45%
Air Astana Atyrau Kazakhstan
45%
SCAT Airlines Atyrau Kazakhstan
45%
Turkish Airlines Basrah Iraq
45%
Turkish Airlines Fergana Uzbekistan
45%
Iran Air Isfahan Iran
45%
Azimuth Krasnodar Russia
45%
Azimuth Mineralnye Vody Russia
45%
Turkish Airlines Moroni Comoros
45%
Turkish Airlines Najaf Iraq
45%
Turkish Airlines Oran Algeria
45%
Air France Paris-Charles de Gaulle France
45%
Turkish Airlines Paris-Charles de Gaulle France
45%
Turkish Airlines Pointe Noire Republic of Congo
45%
Turkish Airlines Urgench Uzbekistan
45%
China Southern Airlines Urumqi China
45%
SCAT Airlines Aqtobe Kazakhstan
36%
Turkish Airlines Bamako Niger
36%
Red Wings Airlines Chelyabinsk Russia
36%
Iraqi Airways Kirkuk Iraq
36%
Turkish Airlines Kirkuk Iraq
36%
Afriqiyah Airways Misrata Libya
36%
Red Wings Airlines Nizhny Novgorod Russia
36%
Royal Air Maroc Oujda Morocco
36%
Turkish Airlines Turkistan Kazakhstan
36%
Turkish Airlines Yanbu Saudi Arabia
36%
Flynas Abha Saudi Arabia
27%
Somon Air Khujand Tajikistan
27%
Air Serbia Kraljevo Serbia
27%
Qanot Sharq Namangan Uzbekistan
27%
Turkish Airlines Sulaimaniyah Iraq
27%
Turkish Airlines Ta'if Saudi Arabia
27%
Red Wings Airlines Tyumen Russia
27%
Karun Airlines Ahvaz Iran
18%
FlyArystan Aqtau Kazakhstan
18%
Turkish Airlines Ganja Azerbaijan
18%
Red Wings Airlines Makhachkala Russia
18%
Turkish Airlines Nakhchivan Azerbaijan
18%
Red Wings Airlines Nizhnekamsk Russia
18%
Red Wings Airlines Stavropol Russia
18%
Turkish Airlines Valetta Malta
18%
Uzbekistan Airways Andizhan Uzbekistan
9%
Animawings Lasi Romania
9%
Wizz Air Lasi Romania
9%
Red Wings Airlines Nalchik Russia
9%
FlyArystan Qaragandy Kazakhstan
9%
Qanot Sharq Qarshi Uzbekistan
9%
Red Wings Airlines Vladikavkaz Russia
9%
Turkish Airlines Costanta Romania
0%
Turkish Airlines Costantine Algeria
0%
Turkish Airlines Entebee Uganda
0%
Red Wings Airlines Kaluga Russia
0%
Turkish Airlines Noaukchott Mauritania
0%
Transavia Starsbourg France
0%
Turkish Airlines Starsbourg France
0%
No matching quizzes found
Score Distribution
Percent of People with Each Score
Percentile by Number Answered
Your Score History
You have not taken this quiz since the last reset